UBT Library

The enlarged European Union / (Record no. 309)

000 -LEADER
fixed length control field 00852cam a2200253 a 4500
005 - DATE AND TIME OF LATEST TRANSACTION
control field 20131114055746.0
008 - FIXED-LENGTH DATA ELEMENTS--GENERAL INFORMATION
fixed length control field 950328s1995 enka 001 0 eng
020 ## - INTERNATIONAL STANDARD BOOK NUMBER
International Standard Book Number 0582081157
041 0# - LANGUAGE CODE
Language code of text/sound track or separate title eng
080 ## - UNIVERSAL DECIMAL CLASSIFICATION NUMBER
Universal Decimal Classification number 339.923
100 1# - Rafti
Rafti Barnes, Ian,
100 1# - Rafti
-- 1945-
245 14 - TITLE STATEMENT
Title The enlarged European Union /
Statement of responsibility, etc Ian Barnes and Pamela M. Barnes.
260 ## -
-- London ;
-- New York :
-- Longman,
-- 1995.
300 ## -
-- xi, 419 p. :
-- ill. ;
-- 25 cm.
504 ## - BIBLIOGRAPHY, ETC. NOTE
Bibliography, etc Includes bibliographical references and index.
610 20 -
-- Unioni Europian
650 #0 -
-- Tegëtia ekonomike ndërkombëtare
650 #0 -
-- Politika Ekonomike
651 #0 -
-- European Union countries
-- Politika dhe qeverisja
651 #0 -
-- European Union countries
-- Politika Ekonomike
651 #0 -
-- European Union countries
-- Politika sociale
700 1# -
-- Barnes, Pamela M.,
-- 1950-
942 ## - ADDED ENTRY ELEMENTS (KOHA)
Source of classification or shelving scheme
Item type Books
Holdings
Withdrawn status Lost status Source of classification or shelving scheme Damaged status Not for loan Collection code Permanent location Current location Shelving location Date acquired Total Checkouts Full call number Barcode Date last seen Price effective from Koha item type
          Koleksioni i përgjithshem UBT - Prishtine UBT - Prishtine Koleksioni i përgjithshem 11/14/2013   339.923 BAR 001-000392 11/14/2013 11/14/2013 Books
UBT Library © 2015-2024. All rights reserved University Education for Business and Technology